Kadra rep. Brazylii na mundial 2018 - Statystyki

Ogólne statystyki
  • Ten quiz został rozwiązany 237 razy
  • Średni wynik to 14 z 24
Statystyki odpowiedzi
pozycja # klub piłkarz % Poprawnych
N 10 PSG Neymar
96%
B 1 Roma Alisson
94%
B 23 Man City Ederson
93%
N 20 Liverpool Roberto Firmino
87%
O 2 PSG Thiago Silva
86%
P 5 Real M Casemiro
85%
N 9 Man City Gabriel Jesus
85%
O 12 Real M Marcelo
83%
O 13 PSG Marquinhos
78%
P 17 Man City Fernandinho
74%
N 7 Juventus Douglas Costa
67%
P 11 Barcelona Philippe Coutinho
66%
P 15 Barcelona Paulinho
61%
P 19 Chelsea Willian
60%
O 6 Atletico Felipe Luis
56%
O 3 Inter Miranda
55%
O 14 Man City Danilo
41%
P 18 Szachtar Fred
39%
P 8 Beijing Renato Augusto
32%
N 21 Szachtar Taison
31%
Selekcjoner - - Tite
26%
B 16 Corinthians Cassio
9%
O 22 Corinthians Fagner
9%
O 4 Gremio Pedro Geromel
4%
Nie znaleziono quizów pasujących do podanych kryteriów
Rozkład punktacji
Procent ludzi z każdym wynikiem
Percentyl według liczby udzielonych odpowiedzi
Twoja historia wyników
Nie rozwiązałeś tego quizu